[Event "WCPL 2018-9"]
[Site "?"]
[Date "2019.01.27"]
[Round "3.1"]
[White "Musson, Adam J"]
[Black "Brown, Thomas"]
[Result "1-0"]
[WhiteElo "2013"]
[BlackElo "2076"]
[PlyCount "51"]
[EventDate "2018.11.??"]
[EventType "team-tourn"]
[EventRounds "5"]
[EventCountry "WLS"]
[WhiteTeam "Nidum"]
[BlackTeam "Cardiff"]

1. e4 g6 2. d4 Bg7 3. Nf3 d6 4. Nc3 c6 5. a4 Nf6 6. Bd3 O-O 7. O-O Bg4 8. Be3
Nbd7 9. Qd2 Bxf3 10. gxf3 e5 11. Be2 d5 12. Rfd1 exd4 13. Bxd4 Re8 14. exd5
Nxd5 15. Bxg7 Kxg7 16. Nxd5 cxd5 17. Bb5 Re5 18. Qd4 f6 19. f4 Rf5 20. Bd3 Ne5
21. fxe5 fxe5 22. Qe3 d4 23. Bxf5 dxe3 24. Rxd8 Rxd8 25. Bd3 e4 26. Bxe4 1-0

[Event "WCPL 2018-9"]
[Site "?"]
[Date "2019.01.27"]
[Round "3.2"]
[White "Hatchett, Paul"]
[Black "Davies, Matthew"]
[Result "1/2-1/2"]
[WhiteElo "1981"]
[BlackElo "1945"]
[PlyCount "83"]
[EventDate "2018.11.??"]
[EventType "team-tourn"]
[EventRounds "5"]
[EventCountry "WLS"]
[WhiteTeam "Cardiff"]
[BlackTeam "Nidum"]

1. c4 c5 2. Nc3 Nc6 3. g3 g6 4. Bg2 Bg7 5. Rb1 d6 6. e4 e5 7. Nge2 Be6 8. Nd5
Nge7 9. O-O O-O 10. a3 Qd7 11. b4 Nd4 12. d3 b6 13. Nxd4 cxd4 14. Nxe7+ Qxe7
15. f4 f6 16. f5 Bf7 17. g4 g5 18. h4 h6 19. Qf3 Qd7 20. hxg5 hxg5 21. Rf2 Rfc8
22. Bf1 Rc7 23. Be2 Rac8 24. Bd2 b5 25. cxb5 Qxb5 26. Bd1 d5 27. a4 Qd7 28. b5
dxe4 29. Qxe4 Qd5 30. Qxd5 Bxd5 31. a5 Bf8 32. Bb3 Bxb3 33. Rxb3 Rb8 34. Be1
Kf7 35. Rfb2 Rcb7 36. Kg2 Bc5 37. a6 Rc7 38. Kf3 Rh8 39. Ke4 Bb6 40. Re2 Ke7
41. Rbb2 Rh3 42. Bb4+ 1/2-1/2

[Event "WCPL 2018-9"]
[Site "?"]
[Date "2019.01.27"]
[Round "3.3"]
[White "Yeo, Gareth"]
[Black "Ralphs, Nigel"]
[Result "1-0"]
[WhiteElo "1952"]
[BlackElo "1988"]
[PlyCount "75"]
[EventDate "2018.11.??"]
[EventType "team-tourn"]
[EventRounds "5"]
[EventCountry "WLS"]
[WhiteTeam "Nidum"]
[BlackTeam "Cardiff"]

1. d4 d5 2. c4 c6 3. Nc3 Nf6 4. cxd5 cxd5 5. f3 Nc6 6. e4 e6 7. e5 Nd7 8. f4
Qb6 9. Nf3 Be7 10. a3 Na5 11. b4 Nc4 12. Bxc4 dxc4 13. O-O O-O 14. Qe2 Qc6 15.
f5 exf5 16. d5 Qg6 17. Qxc4 Nb6 18. Qb3 Bd7 19. a4 Rac8 20. a5 Nc4 21. Ne2 b5
22. Nf4 Qa6 23. h4 Qb7 24. Rb1 Rfe8 25. Re1 Bf8 26. Qd3 Rcd8 27. Qc2 Rc8 28.
Qf2 Qb8 29. Nd3 Qb7 30. Qd4 Red8 31. Bg5 Re8 32. Nc5 Qc7 33. d6 Qc6 34. Qf2 h6
35. Bf4 Rcd8 36. Rbd1 Be6 37. Nd4 Qa8 38. Nxb5 1-0

[Event "WCPL 2018-9"]
[Site "?"]
[Date "2019.01.27"]
[Round "3.4"]
[White "Jones, Derek"]
[Black "Gibbons, Andrew"]
[Result "1/2-1/2"]
[WhiteElo "1943"]
[BlackElo "1933"]
[PlyCount "36"]
[EventDate "2018.11.??"]
[EventType "team-tourn"]
[EventRounds "5"]
[EventCountry "WLS"]
[WhiteTeam "Cardiff"]
[BlackTeam "Nidum"]

1. Nf3 c5 2. c4 g6 3. d4 cxd4 4. Nxd4 Nf6 5. Nc3 Nc6 6. e4 d6 7. Be2 Nxd4 8.
Qxd4 Bg7 9. O-O O-O 10. Qd1 a5 11. Be3 a4 12. Rc1 Qa5 13. a3 Bd7 14. f3 Rfe8
15. Qd2 Be6 16. Nd5 Qxd2 17. Bxd2 Bxd5 18. cxd5 Nd7 1/2-1/2

[Event "WCPL 2018-9"]
[Site "?"]
[Date "2019.01.27"]
[Round "3.5"]
[White "Jones, Ian Robert"]
[Black "Hurley, Jake"]
[Result "1-0"]
[WhiteElo "1965"]
[BlackElo "1929"]
[PlyCount "105"]
[EventDate "2018.11.??"]
[EventType "team-tourn"]
[EventRounds "5"]
[EventCountry "WLS"]
[WhiteTeam "Nidum"]
[BlackTeam "Cardiff"]

1. e4 e6 2. d4 a6 3. c3 b5 4. Bd3 Bb7 5. Nf3 Nf6 6. Nbd2 Be7 7. O-O d6 8. Re1
Nc6 9. a4 b4 10. Nf1 bxc3 11. bxc3 O-O 12. Rb1 Rb8 13. Qe2 a5 14. Ng3 Qd7 15.
Bb5 Ba6 16. Bg5 Bxb5 17. axb5 Na7 18. c4 c6 19. e5 Ne8 20. bxc6 Nxc6 21. Rxb8
Nxb8 22. Rb1 Nc6 23. Bxe7 Qxe7 24. Qe4 Qc7 25. Ng5 f5 26. exf6 Nxf6 27. Qxe6+
Kh8 28. Nf3 Re8 29. Qf5 Qa7 30. Qf4 d5 31. cxd5 Nxd5 32. Qd6 Ncb4 33. Re1 Rb8
34. Qe6 h6 35. Qg6 Nf6 36. Nf5 Ng8 37. Ne5 Rb7 38. Nd6 Nf6 39. Nef7+ Rxf7 40.
Nxf7+ Kg8 41. Nxh6+ Kh8 42. Nf5 Nbd5 43. Qg3 Qf7 44. Rb1 Nb4 45. Qb8+ Kh7 46.
Re1 Nbd5 47. Qb1 Kh8 48. h3 Qg6 49. Ng3 Qf7 50. Qb5 Qa7 51. Ne4 Qe7 52. Qb8+
Kh7 53. Ng5+ 1-0

[Event "WCPL 2018-9"]
[Site "?"]
[Date "2019.01.27"]
[Round "3.6"]
[White "Chong, Kimberly"]
[Black "Moore, Robert"]
[Result "1-0"]
[WhiteElo "1682"]
[BlackElo "1856"]
[PlyCount "149"]
[EventDate "2018.11.??"]
[EventType "team-tourn"]
[EventRounds "5"]
[EventCountry "WLS"]
[WhiteTeam "Cardiff"]
[BlackTeam "Nidum"]

1. e4 c6 2. d4 d5 3. exd5 cxd5 4. c4 Nc6 5. Nc3 e6 6. Nf3 Bb4 7. a3 Bxc3+ 8.
bxc3 Nf6 9. Bg5 Qa5 10. Qc1 Ne4 11. Bd2 O-O 12. Bd3 Nxd2 13. Qxd2 f6 14. O-O
Qc7 15. cxd5 exd5 16. Rfe1 Bg4 17. Re3 Rac8 18. h3 Bxf3 19. Rxf3 Na5 20. Qc2 g6
21. Bxg6 hxg6 22. Qxg6+ Qg7 23. Qh5 Qh7 24. Qxd5+ Rf7 25. Qxa5 b6 26. Qd5 Kh8
27. Qe6 Rcf8 28. Re1 Qg6 29. Qf5 Qxf5 30. Rxf5 Rc7 31. Re3 Kg7 32. d5 Kg6 33.
g4 Rfc8 34. Re6 Rxc3 35. Rexf6+ Kg7 36. Rf7+ Kg8 37. Rxa7 Rxh3 38. d6 Rd3 39.
d7 Rd8 40. a4 Kg7 41. a5 bxa5 42. Rfxa5 Kf7 43. Re5 Kf6 44. Re8 R8xd7 45. Rxd7
Rxd7 46. Kg2 Rd2 47. Kg3 Kf7 48. Re3 Rd1 49. Kf4 Kf6 50. g5+ Kg6 51. Re6+ Kf7
52. Re3 Kg6 53. Rg3 Rd4+ 54. Ke5 Ra4 55. f4 Ra5+ 56. Ke4 Ra4+ 57. Ke3 Kf5 58.
Rf3 Kg4 59. Rf1 Kf5 60. Rf2 Re4+ 61. Kd3 Re8 62. Re2 Ra8 63. Rf2 Re8 64. Kd2
Re7 65. Re2 Ra7 66. Rf2 Re7 67. Kd3 Re8 68. Kd4 Re7 69. Kd5 Rd7+ 70. Kc6 Rd1
71. Kc7 Rd3 72. Rg2 Kg6 73. f5+ Kxf5 74. g6 Re3 75. g7 1-0

[Event "WCPL 2018-9"]
[Site "?"]
[Date "2019.01.27"]
[Round "3.7"]
[White "Pleasants, Allan J"]
[Black "Kett, Tim"]
[Result "1/2-1/2"]
[WhiteElo "2080"]
[BlackElo "2209"]
[PlyCount "119"]
[EventDate "2018.11.??"]
[EventType "team-tourn"]
[EventRounds "5"]
[EventCountry "WLS"]
[WhiteTeam "White Knights"]
[BlackTeam "The Full Ponty"]

1. e4 e5 2. Nf3 Nc6 3. Bc4 Nf6 4. d3 h6 5. O-O d6 6. a4 g6 7. c3 Bg7 8. a5 O-O
9. Re1 Kh7 10. b4 a6 11. Na3 d5 12. exd5 Nxd5 13. Qb3 Be6 14. Bd2 Qd7 15. Nc2
Rad8 16. b5 axb5 17. Qxb5 e4 18. dxe4 Nxc3 19. Qb3 Bxc4 20. Qxc4 Qd3 21. Qxd3
Rxd3 22. Bf4 Nxe4 23. Rab1 Nd6 24. Bxd6 cxd6 25. Rxb7 Nxa5 26. Rd7 Nc6 27. Ne3
Ne5 28. Nxe5 Bxe5 29. h4 Kg7 30. Rb1 Bf6 31. g3 Rd8 32. Rc7 d5 33. Rbb7 Rf8 34.
h5 gxh5 35. Rd7 d4 36. Nd5 Rd2 37. Nxf6 Kxf6 38. Rb6+ Ke5 39. Rxh6 f5 40. Rxh5
Ke4 41. Kg2 f4 42. Re7+ Kd3 43. gxf4 Rxf4 44. Rh3+ Kc4 45. Rc7+ Kd5 46. Rf3
Rg4+ 47. Rg3 Rxg3+ 48. Kxg3 d3 49. Rd7+ Ke4 50. Re7+ Kd4 51. Rd7+ Kc3 52. f4
Re2 53. f5 d2 54. Kf4 Re1 55. f6 d1=Q 56. Rxd1 Rxd1 57. Ke5 Kc4 58. f7 Rf1 59.
Ke6 Kc5 60. Ke7 1/2-1/2

[Event "WCPL 2018-9"]
[Site "?"]
[Date "2019.01.27"]
[Round "3.8"]
[White "Adams, Mark"]
[Black "Young, Alan"]
[Result "1-0"]
[WhiteElo "1963"]
[BlackElo "2048"]
[PlyCount "87"]
[EventDate "2018.11.??"]
[EventType "team-tourn"]
[EventRounds "5"]
[EventCountry "WLS"]
[WhiteTeam "The Full Ponty"]
[BlackTeam "White Knights"]

1. e4 e5 2. Nf3 Nc6 3. Bb5 a6 4. Ba4 Nf6 5. d3 b5 6. Bb3 Be7 7. O-O d6 8. c3
O-O 9. a4 Bd7 10. Nbd2 Na5 11. Bc2 c5 12. Qe2 Qe8 13. Qd1 b4 14. cxb4 cxb4 15.
Nc4 Nxc4 16. dxc4 b3 17. Bxb3 Nxe4 18. Bc2 f5 19. a5 Be6 20. b3 Qh5 21. Re1 Kh8
22. Qe2 Bf6 23. Bb2 Rab8 24. Bxe4 fxe4 25. Nd2 Bg4 26. Qxe4 Bg5 27. Qd5 Bf4 28.
g3 Bxd2 29. Qxd2 Bf3 30. h4 Rf4 31. Qxd6 Rbf8 32. Qxe5 R4f7 33. Qxh5 Bxh5 34.
f4 Rd7 35. Re3 Rfd8 36. Be5 Rd1+ 37. Rxd1 Rxd1+ 38. Kf2 Rd2+ 39. Kf1 Rd1+ 40.
Kg2 Rd2+ 41. Kh3 Rd1 42. c5 Rc1 43. Bc3 Rf1 44. c6 1-0

[Event "WCPL 2018-9"]
[Site "?"]
[Date "2019.01.27"]
[Round "3.9"]
[White "Garcia, Jason"]
[Black "Jukes, Sam"]
[Result "1/2-1/2"]
[WhiteElo "2028"]
[BlackElo "1914"]
[PlyCount "85"]
[EventDate "2018.11.??"]
[EventType "team-tourn"]
[EventRounds "5"]
[EventCountry "WLS"]
[WhiteTeam "White Knights"]
[BlackTeam "The Full Ponty"]

1. e4 e5 2. Nf3 Nc6 3. d4 exd4 4. Nxd4 Nf6 5. Nc3 Bb4 6. Nxc6 bxc6 7. Bd3 d5 8.
exd5 cxd5 9. O-O O-O 10. Bg5 c6 11. Qf3 Be7 12. h3 a5 13. Na4 h6 14. Bf4 Bd6
15. c4 Bxf4 16. Qxf4 Re8 17. Rfe1 Be6 18. b3 Qb8 19. Qxb8 Raxb8 20. cxd5 cxd5
21. Rac1 Nd7 22. Rc7 Rbc8 23. Rxe6 fxe6 24. Rxd7 Rc1+ 25. Kh2 Ra1 26. Bg6 Rf8
27. Nc5 Rf6 28. Rd8+ Rf8 29. Rd6 Rf6 30. Rxe6 Rxe6 31. Nxe6 Rxa2 32. Kg3 Rb2
33. Nc5 Kf8 34. f4 Ke7 35. h4 Kd6 36. Nb7+ Kc7 37. Nxa5 Kb6 38. Nc4+ dxc4 39.
bxc4 Kc5 40. Bf7 Kd4 41. Kf3 Rb3+ 42. Kg4 Rb6 43. Bd5 1/2-1/2

[Event "WCPL 2018-9"]
[Site "?"]
[Date "2019.01.27"]
[Round "3.11"]
[White "Bevan, Peter M"]
[Black "Hughes, Anthony"]
[Result "1-0"]
[WhiteElo "1899"]
[BlackElo "1906"]
[PlyCount "41"]
[EventDate "2018.11.??"]
[EventType "team-tourn"]
[EventRounds "5"]
[EventCountry "WLS"]
[WhiteTeam "White Knghts"]
[BlackTeam "The Full Ponty"]

1. Nf3 d5 2. e3 Nf6 3. c4 e6 4. b3 Be7 5. Bb2 O-O 6. Nc3 Nbd7 7. Be2 b6 8. Rc1
Ba6 9. O-O Rc8 10. d4 c5 11. cxd5 Bxe2 12. Qxe2 exd5 13. dxc5 Nxc5 14. Rfd1 Re8
15. Nd4 Bd6 16. Nf5 Re5 17. Nxd6 Qxd6 18. Nb5 Qe7 19. Bxe5 Qxe5 20. b4 a6 21.
Nd4 1-0

[Event "WCPL 2018-9"]
[Site "?"]
[Date "2019.01.27"]
[Round "3.12"]
[White "James, Dai"]
[Black "May, Adam J"]
[Result "1/2-1/2"]
[WhiteElo "1856"]
[BlackElo "1894"]
[PlyCount "52"]
[EventDate "2018.11.??"]
[EventType "team-tourn"]
[EventRounds "5"]
[EventCountry "WLS"]
[WhiteTeam "The Full Ponty"]
[BlackTeam "White Knights"]

1. e4 c6 2. d3 d5 3. Nd2 e5 4. Ngf3 Bd6 5. g3 Nf6 6. Bg2 O-O 7. O-O Nbd7 8. Nh4
Re8 9. f4 exf4 10. Nf5 Bc7 11. gxf4 dxe4 12. dxe4 Nc5 13. Ng3 Qd4+ 14. Kh1 Bg4
15. Qe1 Rad8 16. h3 Bc8 17. Nb3 Nxb3 18. axb3 Bb6 19. Ne2 Qc5 20. Nc3 Qh5 21.
Qg3 Bd4 22. e5 Nd5 23. Ne4 Bf5 24. Nd6 Re6 25. Nxf5 Qxf5 26. Re1 Qxc2 1/2-1/2

[Event "WCPL 2018-9"]
[Site "?"]
[Date "2019.01.27"]
[Round "3.13"]
[White "Williams, A. Howard"]
[Black "May, Frank"]
[Result "1-0"]
[WhiteElo "2263"]
[BlackElo "2074"]
[PlyCount "73"]
[EventDate "2018.11.??"]
[EventType "team-tourn"]
[EventRounds "5"]
[EventCountry "WLS"]
[WhiteTeam "Cardigan"]
[BlackTeam "Abergavenny"]

1. d4 d5 2. c4 e6 3. Nf3 Nf6 4. g3 Bb4+ 5. Bd2 Bxd2+ 6. Nbxd2 O-O 7. Bg2 Nbd7
8. O-O b6 9. cxd5 exd5 10. Qa4 Re8 11. e3 Bb7 12. b4 Ne4 13. Rfc1 Ndf6 14. Nxe4
Nxe4 15. Ne5 f6 16. Nd3 Re7 17. Rc2 a6 18. Rac1 g5 19. Qb3 Kh8 20. a4 h5 21. b5
a5 22. Nb2 h4 23. gxh4 gxh4 24. Nd3 Qd6 25. Nf4 Rg8 26. Kh1 Reg7 27. Bxe4 dxe4
28. Qe6 Qd8 29. h3 Re8 30. Qc4 Bc8 31. Qe2 Reg8 32. Qh5+ Rh7 33. Ng6+ Rxg6 34.
Qxg6 Bxh3 35. Rg1 f5 36. Rc6 Bg4 37. Rxg4 1-0

[Event "WCPL 2018-9"]
[Site "?"]
[Date "2019.01.27"]
[Round "3.14"]
[White "Spencer, Douglas"]
[Black "Jones, Iolo C"]
[Result "0-1"]
[WhiteElo "1988"]
[BlackElo "2200"]
[PlyCount "70"]
[EventDate "2018.11.??"]
[EventType "team-tourn"]
[EventRounds "5"]
[EventCountry "WLS"]
[WhiteTeam "Abergavenny"]
[BlackTeam "Cardigan"]

1. e4 e5 2. Nf3 Nf6 3. Nxe5 d6 4. Nf3 Nxe4 5. d4 d5 6. Bd3 Nc6 7. O-O Be7 8.
Nc3 Nf6 9. h3 O-O 10. a3 h6 11. Re1 a6 12. Bf4 Bd6 13. Qd2 Bxf4 14. Qxf4 Nh5
15. Qd2 Qd6 16. Ne5 Nxd4 17. Bxa6 Rxa6 18. Qxd4 Nf6 19. Rad1 Be6 20. b4 Rc8 21.
Nd3 b6 22. Nf4 c5 23. bxc5 bxc5 24. Qe5 Qxe5 25. Rxe5 d4 26. Ncd5 Bxd5 27. Nxd5
Nxd5 28. Rxd5 Rxa3 29. Kf1 Rc3 30. Rd2 Ra8 31. Ke2 Ra2 32. Kd1 Ra1+ 33. Ke2 Rc1
34. Rf5 g6 35. Rd5 R1xc2 0-1

[Event "WCPL 2018-9"]
[Site "?"]
[Date "2019.01.27"]
[Round "3.15"]
[White "Heap, Gerry"]
[Black "Miles, Richard"]
[Result "1/2-1/2"]
[WhiteElo "2103"]
[BlackElo "1957"]
[PlyCount "80"]
[EventDate "2018.11.??"]
[EventType "team-tourn"]
[EventRounds "5"]
[EventCountry "WLS"]
[WhiteTeam "Cardigan"]
[BlackTeam "Abergavenny"]

1. Nf3 Nf6 2. g3 c5 3. Bg2 g6 4. c4 Bg7 5. O-O d5 6. cxd5 Nxd5 7. Nc3 Nc6 8.
Nxd5 Qxd5 9. d3 O-O 10. Be3 Qd6 11. Qa4 Nd4 12. Nxd4 cxd4 13. Bf4 e5 14. Bd2
Qd7 15. Qa3 Re8 16. Rac1 Bf8 17. Bb4 Bxb4 18. Qxb4 Rb8 19. Rc2 Qe7 20. Qxe7
Rxe7 21. Rfc1 Be6 22. a3 Kf8 23. Rc5 Bd7 24. Bd5 Be6 25. Bf3 Bd7 26. Kg2 Ke8
27. h4 h5 28. Rc7 Bc6 29. Bxc6+ bxc6 30. Rxe7+ Kxe7 31. Rxc6 Rxb2 32. Kf3 Rb7
33. Ra6 Rd7 34. Ke4 f6 35. f4 exf4 36. gxf4 Kf7 37. Ra5 Re7+ 38. Kf3 Rd7 39.
Ra6 Kg7 40. f5 gxf5 1/2-1/2

[Event "WCPL 2018-9"]
[Site "?"]
[Date "2019.01.27"]
[Round "3.16"]
[White "Llewellyn, David"]
[Black "Van Kemenade, Rudy"]
[Result "1/2-1/2"]
[WhiteElo "1860"]
[BlackElo "1946"]
[PlyCount "106"]
[EventDate "2018.11.??"]
[EventType "team-tourn"]
[EventRounds "5"]
[EventCountry "WLS"]
[WhiteTeam "Abergavenny"]
[BlackTeam "Cardigan"]

1. d4 Nf6 2. c4 e5 3. dxe5 Ng4 4. e3 Nxe5 5. f4 Nec6 6. Nf3 Bc5 7. Nc3 O-O 8.
Bd3 Re8 9. Kf2 h6 10. a3 a5 11. Bc2 d6 12. Qd3 g6 13. Nd5 Bf5 14. Qc3 Bxc2 15.
Nf6+ Kf8 16. Nxe8 Qxe8 17. Qxc2 Nd7 18. Qc3 f6 19. Re1 Qe4 20. Kf1 Re8 21. Bd2
g5 22. Rac1 Ne7 23. Qc2 Nf5 24. Qxe4 Rxe4 25. g4 Nxe3+ 26. Bxe3 Rxe3 27. Kg2
gxf4 28. Rxe3 Bxe3 29. Rd1 Ne5 30. Nxe5 fxe5 31. Kf3 Ke7 32. b4 axb4 33. axb4
Ke6 34. b5 c6 35. bxc6 bxc6 36. Ke4 Bd4 37. Kf3 d5 38. Rc1 Be3 39. cxd5+ Kxd5
40. Rd1+ Bd4 41. h4 c5 42. g5 hxg5 43. hxg5 Ke6 44. Ke4 c4 45. Rc1 c3 46. Rc2
Kf7 47. Kf3 Kg7 48. Kg4 Kg6 49. Rc1 f3 50. Kxf3 Kxg5 51. Ke4 Kg4 52. Rc2 Kg3
53. Ra2 Kg4 1/2-1/2

[Event "WCPL 2018-9"]
[Site "?"]
[Date "2019.01.27"]
[Round "3.17"]
[White "Watkin-Jones, Adam"]
[Black "Saunders, Walter N. R."]
[Result "1/2-1/2"]
[WhiteElo "1800"]
[BlackElo "1996"]
[PlyCount "91"]
[EventDate "2018.11.??"]
[EventType "team-tourn"]
[EventRounds "5"]
[EventCountry "WLS"]
[WhiteTeam "Cardigan"]
[BlackTeam "Abergavenny"]

1. c4 Nf6 2. Nc3 g6 3. g3 Bg7 4. Bg2 O-O 5. e4 e5 6. d3 d6 7. Nge2 c5 8. O-O
Nc6 9. h3 a6 10. Be3 Nd4 11. Qd2 Bxh3 12. Bg5 Bxg2 13. Kxg2 Ne6 14. Bh6 Bxh6
15. Qxh6 Ng4 16. Qd2 Qg5 17. Qxg5 Nxg5 18. Nd5 Kg7 19. f3 Nh6 20. b4 f5 21.
bxc5 dxc5 22. f4 exf4 23. Nexf4 fxe4 24. Nc7 exd3 25. Nfe6+ Nxe6 26. Nxe6+ Kg8
27. Rxf8+ Rxf8 28. Nxf8 Kxf8 29. Rd1 Nf5 30. Kf3 Ke7 31. Rxd3 Nd6 32. Rc3 Kd7
33. Kf4 Kc6 34. g4 b5 35. cxb5+ axb5 36. g5 c4 37. Rh3 b4 38. Rxh7 c3 39. Ke3
c2 40. Kd2 Ne4+ 41. Kxc2 Nxg5 42. Rg7 Kb5 43. Rxg6 Ne4 44. Rg4 Nc5 45. Rg5 Kc4
46. Rg4+ 1/2-1/2

[Event "WCPL 2018-9"]
[Site "?"]
[Date "2019.01.27"]
[Round "3.18"]
[White "Allford, Zane"]
[Black "Haigh, Tony"]
[Result "0-1"]
[WhiteElo "1726"]
[BlackElo "1785"]
[PlyCount "42"]
[EventDate "2018.11.??"]
[EventType "team-tourn"]
[EventRounds "5"]
[EventCountry "WLS"]
[WhiteTeam "Abergavenny"]
[BlackTeam "Cardigan"]

1. e4 Nf6 2. Nc3 d5 3. exd5 Nxd5 4. d4 Nxc3 5. bxc3 g6 6. Bc4 Bg7 7. Ne2 O-O 8.
O-O Nd7 9. Ba3 Nb6 10. Bb3 a5 11. Bc5 a4 12. Bxb6 axb3 13. Bc5 bxa2 14. c4 b6
15. Bb4 c5 16. Bc3 cxd4 17. Bxd4 Bxd4 18. Nxd4 Qc7 19. Qe2 e5 20. Nb5 Qc5 21.
c3 Be6 0-1

[Event "WCPL 2018-9"]
[Site "?"]
[Date "2019.03.10"]
[Round "4.1"]
[White "Hewitt, William"]
[Black "Musson, Adam J"]
[Result "0-1"]
[WhiteElo "2028"]
[BlackElo "2016"]
[PlyCount "60"]
[EventDate "2018.??.??"]
[EventType "team"]
[EventRounds "5"]
[EventCountry "WLS"]
[WhiteTeam "White Knights"]
[BlackTeam "Nidum"]

1. e4 c5 2. Nf3 d6 3. c4 Nf6 4. Nc3 Nc6 5. d4 cxd4 6. Nxd4 Qa5 7. Nb3 Qc7 8.
Be2 e6 9. O-O Be7 10. Be3 O-O 11. Rc1 Rd8 12. Nb5 Qd7 13. f3 d5 14. exd5 exd5
15. c5 a6 16. N5d4 Ne5 17. Qc2 Qa4 18. Rfd1 Be6 19. Nd2 Qxc2 20. Rxc2 Nc6 21.
Nxc6 bxc6 22. Bd4 Bf5 23. Rc3 a5 24. Kf2 Nd7 25. Bf1 Rdb8 26. b3 Rb4 27. Bd3
Be6 28. Ke3 Rxd4 29. Kxd4 Bf6+ 30. Ke3 Bxc3 0-1

[Event "WCPL 2018-9"]
[Site "?"]
[Date "2019.03.10"]
[Round "4.2"]
[White "Evans, Craig"]
[Black "Pleasants, Allan J"]
[Result "1/2-1/2"]
[WhiteElo "2000"]
[BlackElo "2065"]
[PlyCount "41"]
[EventDate "2018.??.??"]
[EventType "team"]
[EventRounds "5"]
[EventCountry "WLS"]
[WhiteTeam "Nidum"]
[BlackTeam "White Knights"]

1. c4 g6 2. Nc3 Bg7 3. d4 d6 4. e4 Nf6 5. Be2 Nc6 6. Nf3 O-O 7. O-O Bg4 8. Be3
Nd7 9. Ne1 Bxe2 10. Nxe2 e5 11. d5 Ne7 12. Nd3 f5 13. f3 Nf6 14. Nf2 f4 15. Bd2
g5 16. g4 fxg3 17. Nxg3 h6 18. Rc1 b6 19. b4 Ng6 20. Nf5 Nf4 21. Kh1 1/2-1/2

[Event "WCPL 2018-9"]
[Site "?"]
[Date "2019.03.10"]
[Round "4.3"]
[White "Young, Alan"]
[Black "Saunders, Robert"]
[Result "0-1"]
[WhiteElo "2030"]
[BlackElo "2077"]
[PlyCount "56"]
[EventDate "2018.??.??"]
[EventType "team"]
[EventRounds "5"]
[EventCountry "WLS"]
[WhiteTeam "White Knights"]
[BlackTeam "Nidum"]

1. e4 e5 2. Bc4 Nc6 3. Nf3 Bc5 4. O-O d6 5. c3 Bb6 6. b4 Nf6 7. d3 O-O 8. Bg5
h6 9. Be3 Be6 10. Nbd2 Bxe3 11. fxe3 Bxc4 12. Nxc4 b5 13. Ncd2 d5 14. a4 a6 15.
axb5 axb5 16. Rxa8 Qxa8 17. Qb3 Qa7 18. exd5 Qxe3+ 19. Kh1 Ne7 20. c4 Ng4 21.
h3 Nf2+ 22. Kh2 Nxd3 23. c5 Nf5 24. Qc3 e4 25. Ne1 Qg3+ 26. Kg1 Qe3+ 27. Kh2
Ng3 28. Rg1 Ne2 0-1

[Event "WCPL 2018-9"]
[Site "?"]
[Date "2019.03.10"]
[Round "4.4"]
[White "Jones, Ian Robert"]
[Black "Garcia, Jason"]
[Result "1/2-1/2"]
[WhiteElo "1974"]
[BlackElo "2025"]
[PlyCount "46"]
[EventDate "2018.??.??"]
[EventType "team"]
[EventRounds "5"]
[EventCountry "WLS"]
[WhiteTeam "Nidum"]
[BlackTeam "White Knights"]

1. e4 c5 2. Nf3 d6 3. d4 cxd4 4. Nxd4 Nf6 5. Nc3 a6 6. Be3 e6 7. f3 b5 8. Qd2
Bb7 9. g4 Nc6 10. Nxc6 Bxc6 11. Ne2 Bxe4 12. fxe4 Nxe4 13. Qd4 Qh4+ 14. Bf2
Nxf2 15. Qxf2 Qxg4 16. Bg2 d5 17. O-O Qg6 18. Nf4 Qf6 19. Qb6 Rc8 20. Qxa6 Bc5+
21. Kh1 O-O 22. Nd3 Qe7 23. Qxb5 Bd6 1/2-1/2

[Event "WCPL 2018-9"]
[Site "?"]
[Date "2019.03.10"]
[Round "4.5"]
[White "May, Adam J"]
[Black "Davies, Matthew"]
[Result "1/2-1/2"]
[WhiteElo "1914"]
[BlackElo "1933"]
[PlyCount "47"]
[EventDate "2018.??.??"]
[EventType "team"]
[EventRounds "5"]
[EventCountry "WLS"]
[WhiteTeam "White Knights"]
[BlackTeam "Nidum"]

1. c4 c5 2. g3 g6 3. Bg2 Bg7 4. Nc3 Nc6 5. Nf3 d6 6. O-O Nh6 7. d4 Nxd4 8. Nxd4
cxd4 9. Bxh6 Bxh6 10. Qxd4 O-O 11. Rfd1 Bg7 12. Qe3 Bxc3 13. Qxc3 Qc7 14. Rac1
Be6 15. Rd4 Rab8 16. Qd2 Qc5 17. b3 Qe5 18. Re1 b5 19. Bd5 bxc4 20. Bxe6 Qxe6
21. Rxc4 Rfc8 22. Rec1 Rxc4 23. Rxc4 Rb5 24. h4 1/2-1/2

[Event "WCPL 2018-9"]
[Site "?"]
[Date "2019.03.10"]
[Round "4.6"]
[White "Moore, Robert"]
[Black "Bevan, Peter M"]
[Result "0-1"]
[WhiteElo "1827"]
[BlackElo "1912"]
[PlyCount "44"]
[EventDate "2018.??.??"]
[EventType "team"]
[EventRounds "5"]
[EventCountry "WLS"]
[WhiteTeam "Nidum"]
[BlackTeam "White Knights"]

1. Nf3 Nf6 2. d4 e6 3. Nbd2 c5 4. e3 b6 5. Be2 Bb7 6. O-O Nc6 7. c3 Be7 8. Qc2
O-O 9. Rd1 Qc7 10. Ne1 e5 11. Bf3 cxd4 12. cxd4 exd4 13. Bxc6 Bxc6 14. exd4 Qb7
15. f3 Rac8 16. Qd3 Rfe8 17. Nf1 Nd5 18. a3 Ba4 19. Rd2 Bf6 20. Kf2 g6 21. Re2
Rxe2+ 22. Kxe2 Rxc1 0-1

[Event "WCPL 2018-9"]
[Site "?"]
[Date "2019.03.10"]
[Round "4.7"]
[White "Morris, Charles F"]
[Black "Kett, Tim"]
[Result "0-1"]
[WhiteElo "2100"]
[BlackElo "2189"]
[PlyCount "23"]
[EventDate "2018.??.??"]
[EventType "team"]
[EventRounds "5"]
[EventCountry "WLS"]
[WhiteTeam "Abergavenny"]
[BlackTeam "The Full Ponty"]

1. c4 e5 2. g3 Nf6 3. Bg2 d6 4. Nc3 g6 5. Nf3 Bg7 6. d4 Nbd7 7. O-O O-O 8. e4
exd4 9. Nxd4 Re8 10. Re1 Nc5 11. h3 a5 12. Ncb5 0-1

[Event "WCPL 2018-9"]
[Site "?"]
[Date "2019.03.10"]
[Round "4.8"]
[White "Davis, Lee"]
[Black "May, Frank"]
[Result "1/2-1/2"]
[WhiteElo "1919"]
[BlackElo "2033"]
[PlyCount "43"]
[EventDate "2018.??.??"]
[EventType "team"]
[EventRounds "5"]
[EventCountry "WLS"]
[WhiteTeam "The Full Ponty"]
[BlackTeam "Abergavenny"]

1. d4 d5 2. g3 Bf5 3. Bg2 e6 4. Nf3 Nf6 5. O-O Be7 6. c4 c6 7. Nc3 Nbd7 8. Qb3
Qb6 9. c5 Qxb3 10. axb3 O-O 11. b4 a6 12. Bf4 Ne4 13. Nd2 Nxd2 14. Bxd2 Bf6 15.
Be3 e5 16. Rfd1 exd4 17. Bxd4 Rfe8 18. Bxf6 Nxf6 19. e3 Rad8 20. Rd4 Rd7 21.
Rad1 Rde7 22. R1d2 1/2-1/2

[Event "WCPL 2018-9"]
[Site "?"]
[Date "2019.03.10"]
[Round "4.9"]
[White "Powell, Lloyd"]
[Black "Gilbert, Jonathan A."]
[Result "1/2-1/2"]
[WhiteElo "2065"]
[BlackElo "2025"]
[PlyCount "45"]
[EventDate "2018.??.??"]
[EventType "team"]
[EventRounds "5"]
[EventCountry "WLS"]
[WhiteTeam "Abergavenny"]
[BlackTeam "The Full Ponty"]

1. d4 d5 2. c4 c6 3. Nf3 Nf6 4. g3 e6 5. Bg2 Nbd7 6. O-O Bd6 7. Nc3 O-O 8. Qc2
a6 9. e4 dxe4 10. Nxe4 Be7 11. Nc3 c5 12. d5 Nb6 13. Rd1 exd5 14. cxd5 Bd6 15.
h3 Nbd7 16. Ng5 h6 17. Nge4 Be5 18. Be3 b6 19. a4 Nxe4 20. Nxe4 f5 21. f4 Bb8
22. Nc3 Bd6 23. Qd2 1/2-1/2

[Event "WCPL 2018-9"]
[Site "?"]
[Date "2019.03.10"]
[Round "4.10"]
[White "Adams, Mark"]
[Black "Thornton, John D"]
[Result "1/2-1/2"]
[WhiteElo "1968"]
[BlackElo "2064"]
[PlyCount "28"]
[EventDate "2018.??.??"]
[EventType "team"]
[EventRounds "5"]
[EventCountry "WLS"]
[WhiteTeam "The Full Ponty"]
[BlackTeam "Abergavenny"]

1. e4 e6 2. d4 d5 3. Nc3 Bb4 4. e5 Ne7 5. f4 c5 6. Bd2 Bxc3 7. Bxc3 b6 8. Nf3
Ba6 9. Bxa6 Nxa6 10. Qe2 c4 11. a4 Qd7 12. O-O h5 13. b4 Nc7 14. Be1 Nf5
1/2-1/2